[Event "Aeroflot Open B 2019"]
[Site "Moscow RUS"]
[Date "2019.02.27"]
[Round "9.33"]
[White "Saydaliev,Saidakbar"]
[Black "Koustav,Chatterjee"]
[Result "1/2-1/2"]
[BlackElo "2332"]
[BlackFideId "25073060"]
[EventDate "2019.02.20"]
[WhiteElo "2390"]
[WhiteFideId "14203693"]

1. e4 c6 2. Nf3 d5 3. exd5 cxd5 4. Ne5 Nc6 5. d4 Nf6 6. c3 e6 7. Bd3 Bd6
8. Qe2 Qc7 9. Nxc6 bxc6 10. Bg5 h6 11. Bh4 O-O 12. Bxf6 gxf6 13. Qg4+ Kh8
14. Qh4 Kg7 15. Qg4+ Kh8 16. Qh4
1/2-1/2

[Event "21st Dubai Open 2019"]
[Site "Dubai UAE"]
[Date "2019.04.01"]
[Round "1.23"]
[White "Yeoh,L"]
[Black "Ammar,Sedrani"]
[Result "1-0"]
[BlackElo "2137"]
[BlackFideId "9312331"]
[BlackTitle "FM"]
[EventDate "2019.04.01"]
[WhiteElo "2522"]
[WhiteFideId "5702895"]
[WhiteTitle "IM"]

1. e4 c6 2. Nf3 d5 3. exd5 cxd5 4. Ne5 Nf6 5. d4 g6 6. Bb5+ Nbd7 7. Nc3 Bg7
8. O-O O-O 9. Re1 a6 10. Bf1 Re8 11. a4 e6 12. f4 b6 13. Bd3 Bb7 14. g4 Nxe5
15. fxe5 Nd7 16. g5 Nb8 17. Qg4 Nc6 18. Nd1 Ne7 19. Nf2 Nf5 20. c3 h6
21. gxh6 Bxh6 22. Bxh6 Nxh6 23. Qf4 Kg7 24. Ng4 Rh8 25. Qf6+ Qxf6 26. exf6+ Kf8
27. Ne5 Ke8 28. Re3 Kd8 29. Rh3 Kc7 30. Rf1 Nf5 31. Bxf5 gxf5 32. Rff3 Bc6
33. Nxf7 Rxh3 34. Rxh3 Rg8+ 35. Kf2 Rg6 36. Rh6 Rxh6 37. Nxh6 Kd8 38. Nf7+ Ke8
39. Ne5 Bxa4 40. h4 Kf8 41. h5 Be8 42. h6 Kg8 43. Kg3
1-0

[Event "23rd Battle of Senta Open"]
[Site "Senta SRB"]
[Date "2019.07.19"]
[Round "1.1"]
[White "Sokic,D"]
[Black "Nomin-Erdene,Davaademberel"]
[Result "1-0"]
[BlackTitle "IM"]
[WhiteElo "2166"]
[BlackElo "2397"]
[WhiteFideId "945188"]
[BlackFideId "4900782"]
[EventDate "2019.07.19"]

1. e4 c6 2. Nf3 d5 3. exd5 cxd5 4. d4 Nc6 5. c4 Nf6 6. Nc3 Bg4 7. cxd5 Nxd5 8.
Bc4 e6 9. O-O Nxc3 10. bxc3 Be7 11. Bf4 O-O 12. Rb1 Rc8 13. Be2 Na5 14. h3 Bf5
15. Bd3 Bxd3 16. Qxd3 Qd5 17. Rb5 Qxa2 18. Ng5 Bxg5 19. Rxg5 f6 20. Rh5 g6 21.
Rh6 Rf7 22. Re1 Qc4 23. Qxc4 Rxc4 24. Rxe6 Kg7 25. Rh4 Nb3 26. Bh6+ 1-0

[Event "18th Condom IM 2019"]
[Site "Condom FRA"]
[Date "2019.07.15"]
[Round "3.5"]
[White "Favarel,J"]
[Black "Villegas,P"]
[Result "1/2-1/2"]
[WhiteTitle "FM"]
[BlackTitle "IM"]
[WhiteElo "2366"]
[BlackElo "2349"]
[WhiteFideId "633453"]
[BlackFideId "654183"]
[EventDate "2019.07.13"]

1. e4 c6 2. Nf3 d5 3. exd5 cxd5 4. Ne5 Nc6 5. d4 Nf6 6. c3 g6 7. Bb5 Bd7 8. Nxd7
Qxd7 9. O-O Bg7 10. Nd2 O-O 11. Nf3 Qc7 12. Re1 e6 13. Qe2 Ne7 14. Ne5 Nf5 15.
Bd3 a6 16. Bf4 Bh6 17. Qd2 Bxf4 18. Qxf4 Nh5 19. Qf3 Nhg7 20. g3 f6 21. Ng4 Rae8
22. Re2 Qd7 23. Rae1 Nd6 24. h4 Kh8 25. Kg2 b5 26. a3 Qc7 27. Rh1 Nh5 28. Rhe1
Ng7 29. Rh1 Nh5 30. Qe3 Nf5 31. Qf3 1/2-1/2

[Event "Tower of Concord Blitz"]
[Site "Nazran RUS"]
[Date "2019.08.04"]
[Round "2"]
[White "Karjakin,Sergey"]
[Black "Inarkiev,E"]
[Result "1-0"]
[WhiteTitle "GM"]
[BlackTitle "GM"]
[WhiteElo "2750"]
[BlackElo "2682"]
[WhiteFideId "14109603"]
[BlackFideId "4162722"]
[EventDate "2019.08.04"]

1. e4 c6 2. Nf3 d5 3. exd5 cxd5 4. d4 Nf6 5. Ne5 Nc6 6. Bb5 Bd7 7. Bxc6 Bxc6 8.
O-O e6 9. Bg5 Bd6 10. Nd2 Qc7 11. Re1 Bxe5 12. dxe5 Ne4 13. Bf4 O-O-O 14. Nf3 f6
15. Bg3 Rhe8 16. exf6 Nxg3 17. f7 Re7 18. hxg3 e5 19. Qd2 h6 20. Qb4 e4 21. Nd4
Rxf7 22. c4 dxc4 23. Qxc4 Bd5 24. Qb4 Kb8 25. Rac1 Qd6 26. Qxd6+ Rxd6 27. a3 a6
28. Rc3 b6 29. Rc2 Bb7 30. Ne2 e3 31. fxe3 Re7 32. Nc3 Rg6 33. Kh2 Re5 34. Rf2
Rh5+ 35. Kg1 Rxg3 36. e4 Rc5 37. Rd1 Rc7 38. Rf4 Rg5 39. Kf2 Re5 40. Rd4 Rce7
41. g3 Ka7 42. Ke3 b5 43. Rf8 Kb6 44. Kf4 Rg5 45. g4 Bc6 46. b4 Bb7 47. Nd5+
Bxd5 48. exd5 Re1 49. Rf5 Rg6 50. d6 Re8 51. Rf7 Rd8 52. d7 Kc7 53. Rd2 Rg5 54.
Re7 Kb7 55. Re5 Rg6 56. Re8 Kc7 57. Re7 Rg5 58. Rf7 Kb7 59. Rc2 Rd5 60. Rxg7
R8xd7 61. Rxd7+ Rxd7 62. Kf5 Rg7 63. Re2 Rg5+ 64. Kf4 Rg6 65. Re5 Kc7 66. Kg3
Kd6 67. Rf5 Ke6 68. Kh4 Ke7 69. Kh5 Rd6 70. Rf3 Re6 71. Rc3 Kd7 72. Rc5 Ke7 73.
Rc7+ Kf8 74. Rh7 Re3 75. Kxh6 Rxa3 76. g5 a5 77. bxa5 Rxa5 78. Rb7 1-0

[Event "chess.com Speed 2019"]
[Site "chess.com INT"]
[Date "2019.09.02"]
[Round "1.14"]
[White "Shankland,S"]
[Black "Ding Liren"]
[Result "1/2-1/2"]
[WhiteTitle "GM"]
[BlackTitle "GM"]
[WhiteElo "2705"]
[BlackElo "2811"]
[WhiteFideId "2004887"]
[BlackFideId "8603677"]
[EventDate "2019.09.02"]

1. e4 c6 2. Nf3 d5 3. exd5 cxd5 4. Ne5 Nc6 5. d4 Nf6 6. Bb5 Bd7 7. Nxd7 Qxd7 8.
c3 e6 9. O-O Bd6 10. Nd2 Qc7 11. g3 h5 12. Nf3 Ne4 13. c4 a6 14. Ba4 dxc4 15. d5
exd5 16. Qxd5 Nc5 17. Re1+ Kf8 18. Bxc6 Qxc6 19. Qxc6 bxc6 20. Rd1 Nd3 21. Ne1
Nxe1 22. Rxd6 h4 23. Rxc6 hxg3 24. hxg3 Nf3+ 25. Kg2 Ne1+ 26. Kg1 Nf3+ 27. Kg2
Ne1+ 28. Kg1 1/2-1/2

[Event "TCh-BEL 2019-20"]
[Site "Belgium BEL"]
[Date "2019.10.20"]
[Round "3.7"]
[White "Ahn,M"]
[Black "Roeder,M"]
[Result "0-1"]
[WhiteTitle "FM"]
[BlackTitle "IM"]
[WhiteElo "2179"]
[BlackElo "2367"]
[WhiteTeam "Rochade Eupen-Kelmis"]
[BlackTeam "KSK47-Eynatten"]
[WhiteFideId "200972"]
[BlackFideId "4600223"]
[EventDate "2019.09.29"]

1. e4 c6 2. Nf3 d5 3. exd5 cxd5 4. Ne5 Nf6 5. d4 g6 6. Bd3 Bg7 7. c3 O-O 8. O-O
Nc6 9. h3 Nxe5 10. dxe5 Nd7 11. f4 Nc5 12. Bc2 b6 13. Be3 Ba6 14. Rf3 e6 15. Nd2
f6 16. exf6 Bxf6 17. Nb3 Qd6 18. Qd2 Rf7 19. Rd1 Qc7 20. Bxc5 bxc5 21. Qe3 Rc8
22. Qxe6 Bb7 23. Nc1 Kg7 24. Rf2 Re7 25. Qg4 Rce8 26. Ne2 Kh8 27. h4 Bc8 28. f5
gxf5 29. Bxf5 Bxf5 30. Qxf5 Bxh4 31. Rf4 Re5 32. Qg4 Bg5 33. Rf5 Qg7 34. Rxe5
Qxe5 35. Ng3 Be3+ 36. Kh2 Rg8 37. Qh3 Rxg3 38. Qxg3 Bf4 39. Rd3 Bxg3+ 40. Rxg3
d4 0-1

[Event "TCh-BEL 2019-20"]
[Site "Belgium BEL"]
[Date "2019.09.29"]
[Round "1.1"]
[White "Feygin,M"]
[Black "Admiraal,M"]
[Result "1/2-1/2"]
[BlackElo "2506"]
[BlackFideId "1019716"]
[BlackTeam "Wachtebeke"]
[BlackTitle "IM"]
[EventDate "2019.09.29"]
[WhiteElo "2474"]
[WhiteFideId "14103109"]
[WhiteTeam "Rochade Eupen-Kelmis"]
[WhiteTitle "GM"]

1. e4 c6 2. Nf3 d5 3. exd5 cxd5 4. Ne5 Nf6 5. d4 g6 6. Bd3 Bg7 7. c3 O-O
8. O-O Nc6 9. Qe2 Nxe5 10. dxe5 Nd7 11. Bf4 Nc5 12. Rd1 Nxd3 13. Rxd3 Bf5
14. Rd4 Qb6 15. Rb4 Qa6 16. Qe3 d4 17. cxd4 Bxb1 18. Rxb1 Qxa2 19. Qe4 e6
20. Rxb7 Rab8 21. Rc1 Qa4 22. Be3 Qa6 23. Rxb8 Rxb8 24. h3 h6 25. Kh2 Rc8
26. Qh4 Rxc1 27. Bxc1 Qb6 28. Be3 a6 29. Qe7 Qc6 30. Kg1 Qc8 31. Qa7 Bf8
32. Qb6 Kg7 33. Kh2 Be7 34. Qa7 Bb4 35. Qb6 Be7 36. Qa5 Bf8 37. h4 Be7
38. g3 Qc6 39. Qd2 h5 40. Bg5 Bxg5 41. Qxg5 Qf3 42. Qe3 Qb7 43. Qc3 Qe4
44. Qd2 Qf3 45. Kg1 Qb3 46. Kf1 a5 47. Kg2 a4 48. Kh2 Kg8 49. Kg2 Kg7
50. Kg1 Kg8 51. Kh2 Kf8 52. Kg2 Kg7
1/2-1/2

[Event "Szmetan-Giardelli ITT GM"]
[Site "Buenos Aires ARG"]
[Date "2019.12.05"]
[Round "5.2"]
[White "Iermito,S"]
[Black "Tempone,M"]
[Result "1/2-1/2"]
[BlackElo "2410"]
[BlackFideId "100269"]
[BlackTitle "IM"]
[EventDate "2019.12.01"]
[WhiteElo "2521"]
[WhiteFideId "114286"]
[WhiteTitle "IM"]

1. e4 c6 2. Nf3 d5 3. exd5 cxd5 4. Ne5 Nc6 5. d4 e6 6. Bb5 Bd7 7. Nxd7 Qxd7
8. c3 Nf6 9. O-O Bd6 10. Nd2 a6 11. Bd3 O-O 12. Re1 Qc7 13. Nf3 h6 14. Qe2 Nd7
15. Be3 Nf6 16. g3 Rfe8 17. Rad1 b5 18. a3 Rad8 19. Bc1 e5 20. dxe5 Nxe5
21. Nxe5 Bxe5 22. Qc2 Bd6 23. Re2 Bc5 24. Rde1 Qa7 25. Rxe8+ Rxe8 26. Rxe8+ Nxe8
27. Qe2 Nf6 28. Kg2 Qb7 29. Qf3 Qe7 30. Qf5 Qd7 31. Qe5 Qd8 32. h3 Bb6
33. Be3 Bxe3 34. Qxe3 Qc7 35. Qd4 Qc6 36. Bc2 g6 37. a4 bxa4 38. Bxa4 Qe6
39. Bc2 h5 40. Bd3 Ne4 41. h4 Qc6 42. c4 Qc5 43. Qxc5 Nxc5 44. Bf1 dxc4
45. Bxc4 a5 46. Kf3 Na4 47. b3 Nb6 48. Bb5 Nd5 49. Bc6 Nf6 50. Ke2 Kf8
51. Bf3 Nd7 52. Ke3 Ke7 53. Kd4 Kd6 54. Bd5 f6 55. f4 Nf8 56. Kc4 g5
57. hxg5 fxg5 58. fxg5 Ke5 59. Bf7 Kf5 60. Bxh5 Kxg5 61. Bd1 Ne6 62. Kb5 Nd4+
63. Ka4 Nf5 64. g4 Nd4 65. Ka3 Kf4 66. Kb2 Nb5 67. Kc2 Ke4 68. Kd2 Nc7
69. Bc2+ Kf4 70. Bd1 Nd5 71. Kd3 Nb6 72. Kc3 a4 73. bxa4 Nxa4+ 74. Bxa4
1/2-1/2

[Event "20th Raciborz Open 2020"]
[Site "Raciborz POL"]
[Date "2020.01.12"]
[Round "3.4"]
[White "Grochol,Kamil"]
[Black "Galuszka,Tomasz"]
[Result "1/2-1/2"]
[BlackElo "2217"]
[BlackFideId "21816409"]
[EventDate "2020.01.11"]
[WhiteElo "1897"]
[WhiteFideId "21819629"]

1. e4 c6 2. Nf3 d5 3. exd5 cxd5 4. Ne5 Nc6 5. d4 Nf6 6. Bb5 Bd7 7. Nxd7 Qxd7
8. c3 a6 9. Bd3 Qg4 10. Qxg4 Nxg4 11. a4 e6 12. Bf4 Kd7 13. O-O Bd6
14. Bxd6 Kxd6 15. Na3 Rhc8 16. Rfe1 Na5 17. f4 f5 18. Re2 Nf6 19. Rae1 Ne4
20. Bxe4 fxe4 21. Rf2 Nc4 22. Nxc4+ Rxc4 23. Ra1 Rf8 24. g4 Kc7 25. Ra3 Rf7
26. Kg2 Kb6 27. Kg3 Ka5 28. b4+ Kb6 29. f5 Kc7 30. fxe6 Rxf2 31. Kxf2 Kd6
32. Ke3 Kxe6 33. Kd2 Rc8 34. Ra1 Rf8 35. Re1 b5 36. axb5 axb5 37. Ra1 Rf2+
38. Ke3 Rf3+ 39. Kd2 Rh3 40. Ra6+ Ke7 41. Rb6 Rxh2+ 42. Kd1 Rh1+ 43. Kd2 Rh2+
44. Kd1
1/2-1/2

[Event "PRO League Group Stage"]
[Site "chess.com INT"]
[Date "2020.01.20"]
[Round "3"]
[White "Diamant,A"]
[Black "Tari,A"]
[Result "0-1"]
[BlackElo "2635"]
[BlackFideId "1510045"]
[BlackTeam "Canada Chessbrahs"]
[BlackTitle "GM"]
[EventDate "2020.01.06"]
[WhiteElo "2547"]
[WhiteFideId "2108356"]
[WhiteTeam "Brazil Capybaras"]
[WhiteTitle "GM"]

1. e4 c6 2. Nf3 d5 3. exd5 cxd5 4. Ne5 Nf6 5. d4 g6 6. Bd3 Bg7 7. O-O O-O
8. Re1 Nc6 9. c3 Nxe5 10. dxe5 Ng4 11. Bf4 Qc7 12. Qf3 Nxe5 13. Qxd5 Rd8
14. Bxe5 Rxd5 15. Bxc7 Rxd3 16. Na3 Be6 17. Rad1 Rxd1 18. Rxd1 Bxa2 19. Nb5 Bc4
20. Nd4 Rc8 21. Bg3 Rd8 22. Re1 Bxd4 23. cxd4 Rxd4 24. f3 Be6 25. Bf2 Rb4
26. Bxa7 Rxb2 27. Rd1 f6 28. Rd8+ Kf7 29. Rh8 b6 30. Rxh7+ Ke8 31. Rh8+ Kd7
32. Rb8 Kc7 33. Re8 Kd6 34. Rb8 b5 35. Rb6+ Kd7 36. Rb7+ Ke8 37. Bc5 Bd7
38. h4 Rc2 39. Bf2 Bc6 40. Rb8+ Kd7 41. Be1 Rc4 42. Rg8 Bd5 43. Rxg6 b4
44. Rg4 Rc1 45. Kf2 b3 46. Rb4 Rc2+ 47. Ke3 b2 48. Kd3 Rc1 49. Rxb2 Rxe1
50. Kd4 Be6 51. Rb7+ Ke8 52. Rc7 Kf7 53. g4 Rh1 54. h5 f5 55. gxf5 Bxf5
0-1

[Event "PRO League Group Stage"]
[Site "chess.com INT"]
[Date "2020.01.15"]
[Round "2"]
[White "Berg,E"]
[Black "Asis Gargatagli,H"]
[Result "1/2-1/2"]
[BlackElo "2490"]
[BlackFideId "2260735"]
[BlackTeam "Spain Raptors"]
[BlackTitle "GM"]
[EventDate "2020.01.06"]
[WhiteElo "2544"]
[WhiteFideId "1704060"]
[WhiteTeam "Sweden Wasabis"]
[WhiteTitle "GM"]

1. e4 c6 2. Nf3 d5 3. exd5 cxd5 4. Ne5 Nf6 5. d4 g6 6. Bd3 Bg7 7. O-O O-O
8. Nd2 Nfd7 9. Nef3 Nc6 10. c3 e5 11. dxe5 Ndxe5 12. Be2 Re8 13. Nb3 Nc4
14. Nbd4 Qb6 15. b3 Nd6 16. Be3 Qa5 17. Nxc6 bxc6 18. Bd4 Bxd4 19. cxd4 Bg4
20. h3 Ne4 21. Rc1 Bxf3 22. Bxf3 Nd2 23. Re1 Nxf3+ 24. gxf3 Qxa2 25. Rxc6 Qb2
26. Kg2 Rxe1 27. Qxe1 Qxd4 28. Qe7 a5 29. Rc7 Qf4 30. Rd7 d4 31. Rd8+ Rxd8
32. Qxd8+ Kg7 33. Qxa5 h5 34. Qd5 f6 35. b4 Qd2 36. b5 Qb4 37. Qb7+ Kh6
38. b6 d3 39. Qd5 Qxb6 40. Qxd3 Qc7 41. Qe3+ Kg7 42. Qe6 g5 43. Qf5 Qc6
44. Kg1 h4 45. Kg2 Kf7 46. Qh7+ Ke6 47. Qg8+ Ke5 48. Qb3 Qd5 49. Qc3+ Ke6
50. Qc8+ Ke7 51. Qc7+ Kf8 52. Qc8+ Kf7 53. Qc7+ Kg6 54. Qc8 Qf7 55. Qg4 Qd5
56. Qc8
1/2-1/2

[Event "2020-european-online-blitz-chess-championship"]
[White "Lewicki, Miroslaw"]
[Black "Stefanova, Antoaneta"]
[WhiteFideId "1113380"]
[BlackFideId "2902257"]
[WhiteElo "2348"]
[BlackElo "2462"]
[Result "0-1"]
[Round "07"]
[Date "Fri Dec 18 2020"]
[WhiteClock "0:00:00"]
[BlackClock "0:00:27"]


1. e4 {[%clk 0:00:00]}  c6 {[%clk 0:00:27]} 2. Nf3 {[%clk 0:00:00]}  d5 {[%clk 0:00:27]} 3. exd5 {[%clk 0:00:00]}  cxd5 {[%clk 0:00:27]} 4. g3 {[%clk 0:00:00]}  Nc6 {[%clk 0:00:27]} 5. Bg2 {[%clk 0:00:00]}  Nf6 {[%clk 0:00:27]} 6. O-O {[%clk 0:00:00]}  g6 {[%clk 0:00:27]} 7. b3 {[%clk 0:00:00]}  Bg7 {[%clk 0:00:27]} 8. Bb2 {[%clk 0:00:00]}  O-O {[%clk 0:00:27]} 9. d4 {[%clk 0:00:00]}  Bf5 {[%clk 0:00:27]} 10. Nbd2 {[%clk 0:00:00]}  Rc8 {[%clk 0:00:27]} 11. a3 {[%clk 0:00:00]}  Ne4 {[%clk 0:00:27]} 12. Re1 {[%clk 0:00:00]}  Nxd2 {[%clk 0:00:27]} 13. Qxd2 {[%clk 0:00:00]}  Be4 {[%clk 0:00:27]} 14. Ng5 {[%clk 0:00:00]}  Bxg2 {[%clk 0:00:27]} 15. Kxg2 {[%clk 0:00:00]}  e6 {[%clk 0:00:27]} 16. Nf3 {[%clk 0:00:00]}  Ne7 {[%clk 0:00:27]} 17. g4 {[%clk 0:00:00]}  b5 {[%clk 0:00:27]} 18. a4 {[%clk 0:00:00]}  b4 {[%clk 0:00:27]} 19. Qxb4 {[%clk 0:00:00]}  Rxc2 {[%clk 0:00:27]} 20. Ba3 {[%clk 0:00:00]}  Nc6 {[%clk 0:00:27]} 21. Qb7 {[%clk 0:00:00]}  Nxd4 {[%clk 0:00:27]} 22. Bxf8 {[%clk 0:00:00]}  Nxf3 {[%clk 0:00:27]} 23. Bxg7 {[%clk 0:00:00]}  Nxe1+ {[%clk 0:00:27]} 24. Rxe1 {[%clk 0:00:00]}  Kxg7 {[%clk 0:00:27]} 25. Qxa7 {[%clk 0:00:00]}  Qf6 {[%clk 0:00:27]} 26. Qe3 {[%clk 0:00:00]}  h6 {[%clk 0:00:27]} 27. Rc1 {[%clk 0:00:00]}  d4 {[%clk 0:00:27]} 28. Qe1 {[%clk 0:00:00]}  Rb2 {[%clk 0:00:27]} 29. Rb1 {[%clk 0:00:00]}  Rc2 {[%clk 0:00:27]} 30. Rc1 {[%clk 0:00:00]}  d3 {[%clk 0:00:27]} 31. Rd1 {[%clk 0:00:00]}  Re2 {[%clk 0:00:27]} 32. Qb4 {[%clk 0:00:00]}  Qxf2+ {[%clk 0:00:27]} 0-1

[Event "2020-european-online-blitz-chess-championship"]
[White "Kobalia, Mikhail"]
[Black "Jaracz, Pawel"]
[WhiteFideId "4119150"]
[BlackFideId "1102222"]
[WhiteElo "2614"]
[BlackElo "2456"]
[Result "1-0"]
[Round "10"]
[Date "Fri Dec 18 2020"]
[WhiteClock "0:01:00"]
[BlackClock "0:00:15"]


1. e4 {[%clk 0:01:48]}  c6 {[%clk 0:02:50]} 2. Nf3 {[%clk 0:01:48]}  d5 {[%clk 0:02:50]} 3. exd5 {[%clk 0:01:48]}  cxd5 {[%clk 0:02:50]} 4. Ne5 {[%clk 0:01:48]}  a6 {[%clk 0:02:50]} 5. d4 {[%clk 0:01:48]}  Nf6 {[%clk 0:02:50]} 6. Bd3 {[%clk 0:01:48]}  g6 {[%clk 0:02:50]} 7. O-O {[%clk 0:01:48]}  Bg7 {[%clk 0:02:50]} 8. c3 {[%clk 0:01:48]}  O-O {[%clk 0:02:50]} 9. Re1 {[%clk 0:01:48]}  Nbd7 {[%clk 0:02:50]} 10. Bf4 {[%clk 0:01:48]}  e6 {[%clk 0:02:50]} 11. Nd2 {[%clk 0:01:48]}  b6 {[%clk 0:02:50]} 12. Nc6 {[%clk 0:01:48]}  Qe8 {[%clk 0:02:50]} 13. Bd6 {[%clk 0:01:48]}  Bb7 {[%clk 0:02:19]} 14. Bxf8 {[%clk 0:01:48]}  Qxf8 {[%clk 0:02:19]} 15. Ne5 {[%clk 0:01:48]}  Nxe5 {[%clk 0:02:19]} 16. Rxe5 {[%clk 0:01:48]}  b5 {[%clk 0:02:19]} 17. a3 {[%clk 0:01:36]}  Ne8 {[%clk 0:01:59]} 18. Re1 {[%clk 0:01:36]}  Nd6 {[%clk 0:01:59]} 19. Nb3 {[%clk 0:01:36]}  Nc4 {[%clk 0:01:59]} 20. Qe2 {[%clk 0:01:36]}  Bc6 {[%clk 0:01:59]} 21. Nc5 {[%clk 0:01:36]}  e5 {[%clk 0:01:59]} 22. Nb3 {[%clk 0:00:58]}  e4 {[%clk 0:01:35]} 23. Bb1 {[%clk 0:00:58]}  f5 {[%clk 0:01:35]} 24. Nc5 {[%clk 0:00:58]}  Qd6 {[%clk 0:01:35]} 25. a4 {[%clk 0:00:58]}  b4 {[%clk 0:01:35]} 26. Ba2 {[%clk 0:00:58]}  Nb6 {[%clk 0:01:35]} 27. cxb4 {[%clk 0:00:58]}  Bxd4 {[%clk 0:01:30]} 28. Red1 {[%clk 0:00:58]}  Be5 {[%clk 0:01:30]} 29. g3 {[%clk 0:01:40]}  Kg7 {[%clk 0:01:28]} 30. Rac1 {[%clk 0:01:15]}  Rd8 {[%clk 0:00:40]} 31. Qxa6 {[%clk 0:01:11]}  Rb8 {[%clk 0:00:15]} 32. a5 {[%clk 0:01:00]}  Na4 {[%clk 0:00:15]} 33. Nxa4 {[%clk 0:01:00]}  Bxa4 {[%clk 0:00:15]} 34. Qxd6 {[%clk 0:01:00]}  Bxd6 {[%clk 0:00:15]} 35. Rxd5 {[%clk 0:01:00]}  Bxb4 {[%clk 0:00:15]} 36. a6 {[%clk 0:01:00]} 1-0

[Event "2020-european-online-blitz-chess-championship"]
[White "Kobalia, Mikhail"]
[Black "Can, Isik"]
[WhiteFideId "4119150"]
[BlackFideId "6383742"]
[WhiteElo "2614"]
[BlackElo "2380"]
[Result "0-1"]
[Round "08"]
[Date "Fri Dec 18 2020"]
[WhiteClock "0:00:16"]
[BlackClock "0:00:11"]


1. e4 {[%clk 0:00:53]}  c6 {[%clk 0:00:41]} 2. Nf3 {[%clk 0:00:53]}  d5 {[%clk 0:00:41]} 3. exd5 {[%clk 0:00:53]}  cxd5 {[%clk 0:00:41]} 4. Ne5 {[%clk 0:00:53]}  Nc6 {[%clk 0:00:41]} 5. Bb5 {[%clk 0:00:53]}  Bd7 {[%clk 0:00:41]} 6. Nxd7 {[%clk 0:00:53]}  Qxd7 {[%clk 0:00:41]} 7. d4 {[%clk 0:00:53]}  e6 {[%clk 0:00:41]} 8. c3 {[%clk 0:00:53]}  Bd6 {[%clk 0:00:41]} 9. Nd2 {[%clk 0:00:53]}  Nf6 {[%clk 0:00:41]} 10. Nf3 {[%clk 0:00:53]}  O-O {[%clk 0:00:41]} 11. O-O {[%clk 0:00:53]}  Ne4 {[%clk 0:00:41]} 12. Re1 {[%clk 0:00:53]}  a6 {[%clk 0:00:41]} 13. Bd3 {[%clk 0:00:53]}  f5 {[%clk 0:00:41]} 14. Nd2 {[%clk 0:00:53]}  Qf7 {[%clk 0:00:41]} 15. Nf1 {[%clk 0:00:53]}  Rae8 {[%clk 0:00:41]} 16. c4 {[%clk 0:00:53]}  Bb8 {[%clk 0:00:41]} 17. f3 {[%clk 0:00:53]}  Nf6 {[%clk 0:00:41]} 18. Be3 {[%clk 0:00:53]}  Ba7 {[%clk 0:00:41]} 19. c5 {[%clk 0:00:53]}  e5 {[%clk 0:00:41]} 20. Bxf5 {[%clk 0:00:53]}  exd4 {[%clk 0:00:41]} 21. Bf2 {[%clk 0:00:53]}  Bxc5 {[%clk 0:00:41]} 22. a3 {[%clk 0:00:53]}  Nh5 {[%clk 0:00:41]} 23. Rxe8 {[%clk 0:00:53]}  Rxe8 {[%clk 0:00:41]} 24. Qc2 {[%clk 0:00:53]}  g6 {[%clk 0:00:41]} 25. Bxg6 {[%clk 0:00:53]}  Qxg6 {[%clk 0:00:41]} 26. Qxc5 {[%clk 0:00:53]}  Nf4 {[%clk 0:00:41]} 27. Bg3 {[%clk 0:00:53]}  Re2 {[%clk 0:00:41]} 28. Re1 {[%clk 0:00:21]}  Rxe1 {[%clk 0:00:16]} 29. Bxf4 {[%clk 0:00:21]}  Qe6 {[%clk 0:00:16]} 30. h4 {[%clk 0:00:21]}  d3 {[%clk 0:00:16]} 31. Kf2 {[%clk 0:00:21]}  Rxf1+ {[%clk 0:00:16]} 32. Kxf1 {[%clk 0:00:21]}  Qe2+ {[%clk 0:00:16]} 33. Kg1 {[%clk 0:00:16]}  Qe1+ {[%clk 0:00:11]} 34. Kh2 {[%clk 0:00:16]}  Qxh4+ {[%clk 0:00:11]} 35. Kg1 {[%clk 0:00:16]}  Qxf4 {[%clk 0:00:11]} 36. Qxd5+ {[%clk 0:00:16]}  Kg7 {[%clk 0:00:11]} 37. Qxd3 {[%clk 0:00:16]}  Qd4+ {[%clk 0:00:11]} 38. Qxd4+ {[%clk 0:00:16]}  Nxd4 {[%clk 0:00:11]} 39. Kf2 {[%clk 0:00:16]}  Kf6 {[%clk 0:00:11]} 40. Ke3 {[%clk 0:00:16]}  Nc6 {[%clk 0:00:11]} 41. Ke4 {[%clk 0:00:16]}  h5 {[%clk 0:00:11]} 42. g3 {[%clk 0:00:16]}  Ne5 {[%clk 0:00:11]} 43. g4 {[%clk 0:00:16]}  h4 {[%clk 0:00:11]} 44. g5+ {[%clk 0:00:16]}  Kxg5 {[%clk 0:00:11]} 0-1

[Event "2021-imscc"]
[White "Yip, Carissa"]
[Black "Coleman, Teddy"]
[WhiteFideId "2090732"]
[BlackFideId "2022010"]
[WhiteElo "2421"]
[BlackElo "2333"]
[Result "1-0"]
[Round "19-07"]
[Date "Sun Jan 31 2021"]
[WhiteClock "0:00:10"]
[BlackClock "0:00:02"]


1. e4 {[%clk 0:01:01]}  c6 {[%clk 0:01:01]} 2. Nf3 {[%clk 0:01:01]}  d5 {[%clk 0:01:01]} 3. exd5 {[%clk 0:00:59]}  cxd5 {[%clk 0:01:01]} 4. d4 {[%clk 0:00:59]}  Nf6 {[%clk 0:01:00]} 5. Bd3 {[%clk 0:00:59]}  Nc6 {[%clk 0:00:58]} 6. O-O {[%clk 0:00:59]}  Bg4 {[%clk 0:00:58]} 7. Be3 {[%clk 0:00:58]}  e6 {[%clk 0:00:58]} 8. h3 {[%clk 0:00:58]}  Bh5 {[%clk 0:00:53]} 9. c3 {[%clk 0:00:57]}  Bd6 {[%clk 0:00:52]} 10. Nbd2 {[%clk 0:00:57]}  O-O {[%clk 0:00:50]} 11. Qc2 {[%clk 0:00:57]}  Bg6 {[%clk 0:00:46]} 12. Rfe1 {[%clk 0:00:57]}  b5 {[%clk 0:00:42]} 13. Bxg6 {[%clk 0:00:52]}  hxg6 {[%clk 0:00:43]} 14. Nb3 {[%clk 0:00:52]}  Ne4 {[%clk 0:00:39]} 15. Nfd2 {[%clk 0:00:51]}  Nxd2 {[%clk 0:00:35]} 16. Qxd2 {[%clk 0:00:52]}  b4 {[%clk 0:00:35]} 17. Bf4 {[%clk 0:00:45]}  a5 {[%clk 0:00:34]} 18. Bxd6 {[%clk 0:00:43]}  Qxd6 {[%clk 0:00:35]} 19. Nc5 {[%clk 0:00:43]}  bxc3 {[%clk 0:00:29]} 20. bxc3 {[%clk 0:00:44]}  Rfb8 {[%clk 0:00:29]} 21. Rab1 {[%clk 0:00:45]}  Ne7 {[%clk 0:00:20]} 22. Qc2 {[%clk 0:00:43]}  Nf5 {[%clk 0:00:16]} 23. Qa4 {[%clk 0:00:42]}  Nh4 {[%clk 0:00:10]} 24. Nd3 {[%clk 0:00:35]}  Qe7 {[%clk 0:00:08]} 25. Rxb8+ {[%clk 0:00:21]}  Rxb8 {[%clk 0:00:09]} 26. Re3 {[%clk 0:00:20]}  Rb1+ {[%clk 0:00:08]} 27. Kh2 {[%clk 0:00:19]}  Qd6+ {[%clk 0:00:07]} 28. g3 {[%clk 0:00:17]}  Nf5 {[%clk 0:00:08]} 29. Rf3 {[%clk 0:00:15]}  Qd8 {[%clk 0:00:06]} 30. Qc6 {[%clk 0:00:12]}  Ra1 {[%clk 0:00:04]} 31. Ne5 {[%clk 0:00:10]}  Rxa2 {[%clk 0:00:02]} 32. Qb7 {[%clk 0:00:10]} 1-0